the study on households livelihoods in study khos commune tea, kok district, takeao province ការសិក្សារអំពីកម្រិតជីវភាពរស់នៅរបស់ប្រជាពរដ្ឋនៅក្នុងឃុំគុស ស្រុកត្រាំកក់ ខេត្តកណ្តាល (Record no. 18401)

000 -LEADER
fixed length control field 00650nam a22001337a 4500
040 ## - CATALOGING SOURCE
Transcribing agency RUA
082 ## - DEWEY DECIMAL CLASSIFICATION NUMBER
Classification number AED YAN 2015 B650 Or.1
100 ## - MAIN ENTRY--AUTHOR NAME
Personal name YANG SOMOUN យ៉ាង សំអូន
245 ## - TITLE STATEMENT
Title the study on households livelihoods in study khos commune tea, kok district, takeao province ការសិក្សារអំពីកម្រិតជីវភាពរស់នៅរបស់ប្រជាពរដ្ឋនៅក្នុងឃុំគុស ស្រុកត្រាំកក់ ខេត្តកណ្តាល
260 ## - PUBLICATION, DISTRIBUTION, ETC. (IMPRINT)
Place of publication RUA
Name of publisher Phnom penh
Year of publication 2015
300 ## - PHYSICAL DESCRIPTION
Number of Pages xi;45p
Other physical details ill;
Dimensions 29cm
856 ## - ELECTRONIC LOCATION AND ACCESS
Uniform Resource Identifier YANG SOMOUN
942 ## - ADDED ENTRY ELEMENTS (KOHA)
Koha item type AED
952 ## - LOCATION AND ITEM INFORMATION (KOHA)
Withdrawn status [LOCAL, KOHA] 0
952 ## - LOCATION AND ITEM INFORMATION (KOHA)
Withdrawn status [LOCAL, KOHA] 0
952 ## - LOCATION AND ITEM INFORMATION (KOHA)
Withdrawn status [LOCAL, KOHA] 0
952 ## - LOCATION AND ITEM INFORMATION (KOHA)
Withdrawn status [LOCAL, KOHA] 0
952 ## - LOCATION AND ITEM INFORMATION (KOHA)
Withdrawn status [LOCAL, KOHA] 0
952 ## - LOCATION AND ITEM INFORMATION (KOHA)
Withdrawn status [LOCAL, KOHA] 0
Holdings
Permanent Location Date acquired Koha item type Lost status Shelving location Barcode Current Location Full call number
Library Block B2019-11-18AED B650A42420Library Block BAED YAN 2015 B650 Or.1
Library Block B2019-11-18AED B650A44146Library Block BAED YAN 2015 B650 Or.2
Library Block B2019-11-18AED B650A43747Library Block BAED YAN 2015 B650 Or.3
Library Block B2019-11-18AED B650A43762Library Block BAED YAN 2015 B650 Or.4
Library Block B2019-11-18AED B650A43597Library Block BAED YAN 2015 B650 Or.5
Library Block B2019-11-18AED B650A43678Library Block BAED YAN 2015 B650 Or.6
មជ្ឈមណ្ឌលឯការនៃសាកលវិទ្យាល័យភូមិន្ទកសិកម្មចំការដូង

Powered by Koha